000 00628nam a22001937a 4500
999 _c190898
_d190898
005 20220810113156.0
010 _aUR-11666
020 _a9789394616066
_c250.00
035 _aU-10221
037 _bDBAD/PUB
_a-
082 _a841
100 _aاحمد مختار قاصر
245 _aخند ۂ گول /
_cاحمد مختار قاصر
_hا ر د و
246 _aKhanda-E-Gul /
_bby Ahmad Mukhtar Qasir
260 _aNew Delhi
_bEducational Publishing House
_c2022 ء
270 _aH.O.D1/16, Ansari Road, Darya Ganj
_bNew Delhi
_e110002
300 _a138 ص
_c23cm(Hb)
942 _2ddc
_cUR
_h841
_mا ح م